<?xml version="1.0" encoding="UTF-8"?><?xml-stylesheet type="text/xsl" href="static/style.xsl"?><OAI-PMH xmlns="http://www.openarchives.org/OAI/2.0/" xmlns:xsi="http://www.w3.org/2001/XMLSchema-instance" xsi:schemaLocation="http://www.openarchives.org/OAI/2.0/ http://www.openarchives.org/OAI/2.0/OAI-PMH.xsd"><responseDate>2026-04-17T03:56:01Z</responseDate><request verb="GetRecord" identifier="oai:www.recercat.cat:2445/12336" metadataPrefix="marc">https://recercat.cat/oai/request</request><GetRecord><record><header><identifier>oai:recercat.cat:2445/12336</identifier><datestamp>2025-12-04T20:46:28Z</datestamp><setSpec>com_2072_1057</setSpec><setSpec>col_2072_478822</setSpec><setSpec>col_2072_478917</setSpec></header><metadata><record xmlns="http://www.loc.gov/MARC21/slim" xmlns:dcterms="http://purl.org/dc/terms/" xmlns:xsi="http://www.w3.org/2001/XMLSchema-instance" xmlns:doc="http://www.lyncode.com/xoai" xsi:schemaLocation="http://www.loc.gov/MARC21/slim http://www.loc.gov/standards/marcxml/schema/MARC21slim.xsd">
   <leader>00925njm 22002777a 4500</leader>
   <datafield ind2=" " ind1=" " tag="042">
      <subfield code="a">dc</subfield>
   </datafield>
   <datafield ind2=" " ind1=" " tag="720">
      <subfield code="a">Garriga Torres, Jaume</subfield>
      <subfield code="e">author</subfield>
   </datafield>
   <datafield ind2=" " ind1=" " tag="260">
      <subfield code="c">2010-05-06T08:53:49Z</subfield>
   </datafield>
   <datafield ind2=" " ind1=" " tag="260">
      <subfield code="c">2010-05-06T08:53:49Z</subfield>
   </datafield>
   <datafield ind2=" " ind1=" " tag="260">
      <subfield code="c">1996</subfield>
   </datafield>
   <datafield ind2=" " ind1=" " tag="520">
      <subfield code="a">In the context of the open inflationary universe, we calculate the amplitude of quantum fluctuations which deform the bubble shape. These give rise to scalar field fluctuations in the open Friedmann-Robertson-Walker universe which is contained inside the bubble. One can transform to a new gauge in which matter looks perfectly smooth, and then the perturbations behave as tensor modes (gravitational waves of very long wave-length). For &#xd;
(&#xd;
1&#xd;
−&#xd;
Ω&#xd;
)&#xd;
≪&#xd;
1&#xd;
, where &#xd;
Ω&#xd;
 is the density parameter, the microwave temperature anisotropies produced by these modes are of order &#xd;
δ&#xd;
T&#xd;
T&#xd;
∼&#xd;
H&#xd;
(&#xd;
R&#xd;
0&#xd;
μ&#xd;
l&#xd;
)&#xd;
−&#xd;
1&#xd;
2&#xd;
(&#xd;
1&#xd;
−&#xd;
Ω&#xd;
)&#xd;
l&#xd;
2&#xd;
. Here, &#xd;
H&#xd;
 is the expansion rate during inflation, &#xd;
R&#xd;
0&#xd;
is the intrinsic radius of the bubble at the time of nucleation, &#xd;
μ&#xd;
 is the bubble wall tension, and &#xd;
l&#xd;
 labels the different multipoles (&#xd;
l&#xd;
>&#xd;
1&#xd;
). The gravitational back reaction of the bubble has been ignored. In this approximation, &#xd;
G&#xd;
μ&#xd;
R&#xd;
0&#xd;
≪&#xd;
1&#xd;
, and the new effect can be much larger than the one due to ordinary gravitational waves generated during inflation (unless, of course, &#xd;
Ω&#xd;
 gets too close to 1, in which case the new effect disappears).</subfield>
   </datafield>
   <datafield tag="653" ind2=" " ind1=" ">
      <subfield code="a">Teoria de camps (Física)</subfield>
   </datafield>
   <datafield tag="653" ind2=" " ind1=" ">
      <subfield code="a">Ones gravitacionals</subfield>
   </datafield>
   <datafield tag="653" ind2=" " ind1=" ">
      <subfield code="a">Field theory (Physics)</subfield>
   </datafield>
   <datafield tag="653" ind2=" " ind1=" ">
      <subfield code="a">Gravitational waves</subfield>
   </datafield>
   <datafield ind2="0" ind1="0" tag="245">
      <subfield code="a">Bubble fluctuations in Omega less than 1 inflation</subfield>
   </datafield>
</record></metadata></record></GetRecord></OAI-PMH>